| 000 | 00564nam a2200193 a 4500 | ||
|---|---|---|---|
| 003 | 1 | ||
| 005 | 20171123132744.0 | ||
| 008 | 030212s19uu xx 00 eng d | ||
| 020 | _a971-191030-4-3 | ||
| 050 |
_aREF 923 _bD341 2002 |
||
| 100 | _aDe La Torre, Visitacion "Chit" R. | ||
| 245 |
_aCultural icons of the Philippines / _cVisitacion "Chit" R. De La Torre. |
||
| 260 |
_aMakati City : _bTower Book House, _c2002. |
||
| 300 | _a252 p. ; ill. | ||
| 650 | _aPersons in social sciences | ||
| 650 | _aPhilippine icons | ||
| 942 |
_2ddc _cBK |
||
| 999 |
_c104932 _d104932 |
||